000 00667nam a2200229Ii 4500
003 JO-AjNU
008 230605s9999||||xx |||||||||||||| ||und||
017 _a2006/6/1732
020 _a9957-09-243-X
040 _aJO-AjNU
_bara
_erda
_cJO-AjNU
041 _aara
050 1 4 _aPJ7862 2006
100 3 _aتأليف هاشم،أحمد,
_eauthor
_910010
245 0 0 _aوما أجمل بغداد
250 _aط1
264 3 1 _aعمان:دار أزمنة،2006
300 _a79ص
336 _atext
_btxt
_2rdacontent
337 _aunmediated
_bn
_2rdamedia
338 _avolume
_bnc
_2rdacarrier
650 4 _aالشعر العربي - العصر الحديث
_910011
999 _aA1591
_c5159
_d5159